000 00920nam a2200265Ia 4500
003 OSt
005 20221005111151.0
006 a|||||r|||| 00| 0
007 ta
008 221004b |||||||| |||| 00| 0 hin d
020 _a8170554330 (hbk)
_c100
024 _a104229
037 _b372, 17/02/2011, Vani Prakashan
_cTextual
040 _aCRL
_cCRL
_bhin
041 _2hin
_ahin
082 _aO152,1N2:g, N6
100 _aकेदारनाथ सिंह
245 0 _aकल्पना और छायावाद
246 _aKalpanā aur chhāyāvāda
260 _aनई दिल्ली
_bवाणी प्रकाशन भारत
_c1996
300 _a132पृ0
_ccm.
650 _aहिन्दी साहित्य
942 _hO152,1N2:g, N6
_cTEXL
_2cc
999 _c1021019
_d1021019